Economic Cooperation and Infrastructural linkages between two Punjab's : way ahead (Record no. 39)

MARC details
000 -LEADER
fixed length control field 00478nam a2200157Ia 4500
003 - CONTROL NUMBER IDENTIFIER
control field OSt
005 - DATE AND TIME OF LATEST TRANSACTION
control field 20231103153805.0
008 - FIXED-LENGTH DATA ELEMENTS--GENERAL INFORMATION
fixed length control field 230125s9999 xx 000 0 und d
020 ## - INTERNATIONAL STANDARD BOOK NUMBER
International Standard Book Number 8185835608
082 ## - DEWEY DECIMAL CLASSIFICATION NUMBER
Classification number 333
Item number GILE
100 ## - MAIN ENTRY--PERSONAL NAME
Personal name Gill, Sucha Singh & others
245 #0 - TITLE STATEMENT
Title Economic Cooperation and Infrastructural linkages between two Punjab's : way ahead
260 ## - PUBLICATION, DISTRIBUTION, ETC.
Name of publisher, distributor, etc. Center for research in Rural and industrial development
Date of publication, distribution, etc. 2012
Place of publication, distribution, etc. Chindigarh
300 ## - PHYSICAL DESCRIPTION
Extent 153p
942 ## - ADDED ENTRY ELEMENTS (KOHA)
Koha item type Book
Source of classification or shelving scheme Dewey Decimal Classification
Holdings
Withdrawn status Lost status Source of classification or shelving scheme Damaged status Not for loan Collection code Home library Current library Shelving location Date acquired Cost, normal purchase price Full call number Barcode Date last seen Price effective from Koha item type Public note
    Dewey Decimal Classification     Non-fiction RIC Library RIC Library General Stacks 01/25/2023 500.00 333 GILE 000039 01/25/2023 01/25/2023 Book R-7.3

Venue

Rajasthan International Centre
Sansthan Path,JLN Marg, Jaipur- 302017
Phone: +91-7230904025